| 000 | 01356cad a22002655a 4500 | ||
|---|---|---|---|
| 001 | L160109 | ||
| 008 | 100611s2009 xxk f 000 0 eng d | ||
| 035 | _a(Sirsi) u160109 | ||
| 041 | 0 | _aeng | |
| 110 | 2 | _aFederation International Des Geometres | |
| 111 | 2 |
_aFIG Regional Conference _bHanoi, Vietnam _d19-22 October 2009 |
|
| 245 | 0 | 0 |
_aResponsible property investment _bMaking a difference _h[electronic resource] |
| 260 |
_aHanoi _bFIG _c2009 |
||
| 520 | _aPresents a background to Responsible Property Investment (RPI), what it is, where it comes from and how it is manifesting itself. This paper reviews the principles and arguments which underpin Socially Responsible Property Investment (SRPI) and the role which valuers can play in both interpreting the market value of such practices in their valuations, and also encouraging market players to appreciate (and therefore 'value') sustainable features and practices when providing professional advice. | ||
| 521 | _aAdvanced | ||
| 590 | _aKA | ||
| 650 | 2 | 4 | _aRESPONSIBLE PROPERTY INVESTMENT |
| 650 | 2 | 4 |
_aValuation _96273 |
| 650 | 2 | 4 |
_aEnvironment _96238 |
| 651 | 4 | _aInternational | |
| 690 | _aINVESTMENT | ||
| 700 | 1 | _aPlimmer, Frances | |
| 856 | 4 | 0 |
_uhttps://www.rics.org/Global/Downloads/Responsible_Property_Investment.pdf _zView the paper free of charge at www.rics.org |
| 942 | _n0 | ||
| 999 |
_c116224 _d116224 |
||